| 000 | 01015cab a2200253 4500 | ||
|---|---|---|---|
| 001 | ABS60051 | ||
| 008 | 090401t1999 xxu||||| |||| 00| 0 eng d | ||
| 035 | _a(Sirsi) u90925 | ||
| 041 | _aeng | ||
| 100 | _aWard, J. | ||
| 245 | 4 | _aThe golden rule of well-timed trading | |
| 260 | _c1999 | ||
| 350 | _a0 | ||
| 490 |
_aProperty Week _v64(3) 22 January 1999, 39(1) |
||
| 520 | _aArgues that the agricultural property market is cyclical, and that well-timed trading can enhance investment performance. In fact, over the period 1992-1997, let agricultural land performed better than commercial property, equities and gilts. Suggests that in certain markets, such as dairy, there will be purchasing opportunities during the next two years. | ||
| 650 | _aPROPERTY-RURAL AND NATURAL ASSETS-AGRICULTURAL PROPERTY-AGRICULTURAL LAND | ||
| 650 | _aCYCLICAL MARKETS | ||
| 650 | _aFARMING | ||
| 650 | _aFARMLAND MARKET | ||
| 650 | _aLAND VALUES | ||
| 690 | _aRURAL PRACTICE | ||
| 942 | _n0 | ||
| 948 | _c26/01/1999 | ||
| 999 |
_c57685 _d57685 |
||